000 00501nmm a2200157Ia 4500
008 251105s9999||||xx |||||||||||||||||und||
020 _a9788497434584
041 _aspa
100 _aSánchez-Agustí, Ferran
245 0 _aMaquis en el Alto Aragón :
_b La guerrilla en los Pirineos Centrales (1944-1949)
264 _a[Madrid, España] :
_bMilenio,
_c2011
300 _a456 páginas
650 _aHistory of Europe: Spain
856 _uhttps://public.digitaliapublishing.com/a/21263
942 _cCF
999 _c90529
_d90529